Veintiocho cartas de Galdós a Pereda / (Record no. 180924)

MARC details
000 -LEADER
campo de control de longitud fija 00882nam a2200229 i 4500
001 - NÚMERO DE CONTROL
campo de control 180924
003 - IDENTIFICADOR DE NÚMERO DE CONTROL
campo de control ES-MaACL
005 - FECHA Y HORA DE LA ÚLTIMA TRANSACCIÓN
campo de control 20250804062633.0
008 - DATOS DE LONGITUD FIJA--INFORMACIÓN GENERAL
campo de control de longitud fija 120829s1971 sp |||| |dspa d
080 ## - NÚMERO DE LA CLASIFICACIÓN DECIMAL UNIVERSAL
Número de la Clasificación Decimal Universal 929 Pérez Galdós, Benito
100 1# - ENTRADA PRINCIPAL--NOMBRE DE PERSONA
Nombre de persona Pérez Galdós, Benito,
Fechas asociadas al nombre 1843-1920
9 (RLIN) 90871
245 10 - MENCIÓN DEL TÍTULO
Título Veintiocho cartas de Galdós a Pereda /
Mención de responsabilidad, etc. Carmen Bravo-Villasante.
246 3# - FORMA VARIANTE DEL TITULO
Título propio/Titulo breve 28 cartas de Galdós a Pereda
260 ## - PUBLICACIÓN, DISTRIBUCIÓN, ETC.
Lugar de publicación, distribución, etc. [Madrid :
Nombre del editor, distribuidor, etc. Cuadernos Hispanoamericanos,
Fecha de publicación, distribución, etc. 1971?]
300 ## - DESCRIPCIÓN FÍSICA
Extensión 43 p. ;
Dimensiones 24 cm.
595 ## -
-- Publicado en: Cuadernos hispanoamericanos, octubre 1970-enero 1971, n. 250-252
600 17 - PUNTO DE ACCESO ADICIONAL DE MATERIA--NOMBRE DE PERSONA
Nombre de persona Pérez Galdós, Benito,
Fechas asociadas al nombre 1843-1920-
Subdivisión de forma Correspondencia
Fuente del encabezamiento o término
9 (RLIN) 139477
600 14 - PUNTO DE ACCESO ADICIONAL DE MATERIA--NOMBRE DE PERSONA
Nombre de persona Pereda, José María de,
Fechas asociadas al nombre 1833-1906
9 (RLIN) 90447
700 1# - ENTRADA AGREGADA--NOMBRE PERSONAL
Nombre de persona Bravo-Villasante, Carmen,
Fechas asociadas al nombre 1918-1994
9 (RLIN) 31507
852 4# - LOCALIZACIÓN
Ubicación ES-MaACL
Número de control de estantería 2318-F-7
Holdings
Estatus retirado Estado de pérdida Estado de daño No para préstamo Colección Biblioteca de origen Biblioteca actual Ubicación en estantería Fecha de adquisición Fuente de adquisición Total de préstamos Signatura topográfica completa Código de barras Visto por última vez Precio de reemplazo Tipo de ítem Koha
        Colección de folletos Biblioteca del Ateneo de Madrid Biblioteca del Ateneo de Madrid Depósito folletos 29/08/2012     2318-F-7 1190121 23/02/2023 23/02/2023 Folleto